MDQL
is popping MORE tags! Check the
thread
!
Quizzes
Events
Quiz Creation
Community
Videos
Private Events
Remove Ads
Sign In
Join for FREE
Feedback
Dark Mode
Quiz Categories
Sports
Geography
Music
Movies
Television
Just For Fun
Miscellaneous
History
Literature
Language
Science
Gaming
Entertainment
Religion
Holiday
For Kids
Quiz Lab
Recent
Popular Today
Quiz Kudos Today
Editor Picks
Curator Picks
Quizzes by...
Day
Popularity
Type
Ratings
Length
Year
Community
Subscriptions
Recent Discussions
Orange Saloon
Badges
Playlists
Quests
Create
Leaderboards
Showdown
Live 5
Trivia Bingo
Activity
Puzzle Library
Sporcle Events
Private Events
Virtual Trivia
Globe League
Become a Host
Pub Owners
SporcleCon
Opinionation
Our Games
Videos
Blog
Mobile Apps
Partnerships
Remove Ads and Go Orange
Feedback
Literature
Harry Potter
A Song of Ice and Fire
The Hunger Games
Literary Character
Shakespeare
Book
Author
Novel
Poem
Young Adult
Children's Books
Play
Lord of the Rings
Literature
Harry Potter
A Song of Ice and Fire
The Hunger Games
Literary Character
Shakespeare
Book
Author
Novel
Poem
Young Adult
Children's Books
Play
Lord of the Rings
Random Quiz
Search Sporcle
×
Quiz Lab
Quiz Lab
Literature
Harry Potter
Type in answers that appear in a list
Type in answers that appear in a list
Classic
Best Score? Go Orange.
Harry Potter: HARD Questions Stats
Can you name the Harry Potter: HARD Questions?
By
Lemurblade
5m
14 Questions
1,220 Plays
1,220 Plays
1,220 Plays
Comments
Comments
Give Quiz Kudos
Give Quiz Kudos
-
- Ratings
hide this ad
Replay
Link that replays current quiz
Next Quiz
Link to next quiz in quiz playlist
You Got
0%
They Got
Avg Score
65%
Avg Friend Score
Upgrade to see
Score Distribution
Jump to the score distribution portion of the page
Score
0/14
Timer
05:00
0
Plays Today
Hint
Answer
% Correct
Who rescued Harry from the Room with the Sorcerers stone?
Dumbledore
95.3%
What Subject did Harry do better than Hermione in?
Defense against the dark arts
84.4%
Odd one out: Slytherin's locket, Ravenclaws diadem, Harry Potter, Nagini, Voldemort, Ring, Gryffindors cup, and the Diary.
Gryffindor's cup
83.9%
What is Hermione's middle name?
Jean
82.1%
What is Ron's middle name?
Bilius
77.3%
How do you get into the Hogwarts kitchens?
Tickle the pear on a painting
77.2%
What type of creature is Aragog?
An Acromantula
70.2%
Hint
Answer
% Correct
What are Ron and Hermione's kid's names?
Rose and Hugo
66.4%
What does Harry say his name is when the snatchers catch him?
Vernon Dudley
65.5%
What did Fred and George send him in the hospital wing afterwards?
A Toilet Seat
59%
When Dumbledore is taken off the wizengamot, he says he doesn't care, as long as they don't take him off the what?
Chocolate Frog Cards
52.3%
What did the twins tell Ron you had to do to get sorted into a house?
Wrestle a Troll
48.3%
What is Hagrid's mother's name?
Fridwulfa
44.5%
How did Crookshanks get it's name?
It is bowlegged
12.6%
Quiz Playlist
Details
Report
Send in Message
Add To Playlist
Classic:
Type in answers that appear in a list
Last Updated: Feb 16, 2017
Quiz Scoreboard
CHALLENGE
Sign Up to Join the Scoreboard
Show All
Scores
Hide
Comments
May contain spoilers
Recently Published
1-10 Letter E Words III
by El_Dandy
Language
2m
Street Fighter Characters
by Artimus82
Gaming
60s
College Basketball Coaching Resumes
by pancakes188
Sports
9m
More to Explore
Quiz From the Vault
Featured Blog Post
Where Did the Easter Bunny Come From?
hide this ad
You Might Also Like...
Tags
Harry Potter Quiz
Today's Top Quizzes in Literature
Browse Literature
hide this ad
Today's Top Quizzes in Harry Potter
Browse Harry Potter
Top Contributed Quizzes in Literature
1
Sneaky Slytherin Logic Puzzle
2
Get The Picture: Black or White Literature
3
5-to-1: Plays
4
One Thing in Common: Literature
5
A Court of Thorns and Roses (ACoTaR) Logic Puzzle
6
One Thing in Common: Literature II
7
One Thing in Common: Books
8
One Thing in Common: Literature 3
9
'Middle' Earth
10
One Thing in Common: Books II
Explore More
Trending Topics
Marvel
Harry Potter
Anime
Kpop
Disney
Crossword
NBA
Puzzle
Song
Country
The Office
WWE
Soccer
Pokémon
NFL
hide this ad
More By:
Lemurblade
Quiz
Plays
Rating
Category
Featured
Created
Harry Potter: HARD Questions
1,220
3.86
Literature
Mar 11, 2012
Harry Potter: Marauders Map
1,187
3.33
Literature
Mar 11, 2012
Harry Potter Everything Chain
204
3.00
Literature
Mar 11, 2012
Harry Potter: A-Z
98
4.00
Literature
Mar 11, 2012
Go to Creator's Profile
Score Distribution
Quiz Creator Spotlight
Lemurblade
Follow
Send a Message
Quizzes Created
-
Created Quiz Play Count
-
More By This Creator
Popular Quizzes Today
1
Find the US States - No Outlines Minefield
2
Find the Countries of Europe - No Outlines Minefield
3
The Countries of the World
4
Find the US States
5
Risky Map Clicking: Biggest States A-Z
6
US States
7
Popular People in 1961
8
Movies - When Are They Set?
More Literature Quizzes
Writing Like the Greats
Curator's Pick
Trending Quizzes
Risky Map Clicking: Least Populous States A-Z
USA Borders Longest to Shortest
1-10 Letter G Words
1-10 Letter F Words
Countries of the World: 200 Million BC
Recently Updated
Beyoncé Albums
pecheneg
Leaping Animals
pecheneg
Reality TV Shows (A-Z)
bhenderson79
Rickey Henderson's Hall of Fame Teammates
pecheneg
Champions League XIs: Arsenal
pecheneg
Quick Pick: Celebrities in WWE's Hall of Fame
aduchscher
A-Z Keypad Blitz II
pecheneg
Multiple Oscar Actors
pecheneg
Mystery Phrase Blitz: Oscar 'Best Actors'
pecheneg
F. Scott Fitzgerald Novels
LTH
Trending Topics
Kpop
Harry Potter
Disney
NBA
Anime
Crossword
Marvel
WWE
Song
Puzzle
Country
Soccer
NFL
Pokémon
The Office
Your Account Isn't Verified!
In order to create a playlist on Sporcle, you need to verify the email address you used during registration. Go to your
Sporcle Settings
to finish the process.
Report this User
Report this user for behavior that violates our
Community Guidelines
.
Details:
Send Report
Go to the Sporcle.com Mobile Site →
Comments